| 000 | 00597nam a2200217 a 4500 | ||
|---|---|---|---|
| 001 | 0001-2131 | ||
| 003 | ELIB.Books | ||
| 008 | 190724 2010 eng | ||
| 020 | _a0203976320 | ||
| 092 |
_a268 _bWri |
||
| 100 | _aWright, Andrew. | ||
| 245 | _aLearning to Teach Religious Education in the Secondary School | ||
| 260 |
_aLondon & New York _bRoutledge Falmer _c2000 |
||
| 300 |
_a263 _c23cm |
||
| 650 | _aChristian Education | ||
| 856 |
_nKBTS Library _uKBTS Elib |
||
| 942 |
_2ddc _cBK |
||
| 990 | _a1 | ||
| 998 |
_aEnglishbooks.elf _ccat _e2019-07-24 |
||
| 999 |
_c12131 _d12131 |
||